| 000 | 01124cam a22003497a 4500 | ||
|---|---|---|---|
| 003 | CHAP | ||
| 005 | 20220329142840.0 | ||
| 008 | 040818d2003 mx r 00110 spa d | ||
| 010 | _a88678 | ||
| 011 | _a89650 | ||
| 020 | _a9703600042 | ||
| 035 | _a100201 | ||
| 040 | _cCHAP | ||
| 082 | 0 | 4 |
_a659.1 _bP5 |
| 100 | 0 | 0 |
_aPineda, Octavio Luis _988185 |
| 245 | 1 | 0 |
_aTécnicas de pronósticos para la toma de decisiones empresariales _c/por Octavio Luis Pineda |
| 260 |
_aMéxico, D.F. : _bAlfaomega, _c2003. |
||
| 300 |
_a214 p. ; _bgráfs. |
||
| 590 |
_aBATCH-UPD _b10 _c20130110 _lUCH01 _h0452 |
||
| 590 |
_aBATCH-UPD _b10 _c20130410 _lUCH01 _h0129 |
||
| 590 |
_aBATCH-UPD _b10 _c20130914 _lUCH01 _h0345 |
||
| 590 |
_aCONVERSION _b10 _c20130109 _lUCH01 _h1349 |
||
| 650 | 1 | 4 |
_aAnálisis de regresión. _95974 |
| 650 | 1 | 4 |
_aAnálisis estadístico. _95984 |
| 650 | 1 | 4 |
_aEconometría. _935201 |
| 650 | 1 | 4 |
_aMétodos estadísticos. _976631 |
| 650 | 1 | 4 |
_aToma de decisiones. _9113662 |
| 901 | _aBK | ||
| 905 | _aAlejandra Carrasco M. | ||
| 942 | _cLIBRO | ||
| 949 |
_a659.1 P5 _bBC _cLIBRO _d33724000797387 _eLIBRO _h104581 _i100201 _si |
||
| 999 |
_c88678 _d88678 |
||